Logo BPK

Biblioteka

Politechniki Koszalińskiej

Listy / (Rekord nr 41672)

Szczegóły MARC
000 -ETYKIETA REKORDU
podpole kontrolne o stałej długości 00855nam a2200265 i 4500
001 - NUMER KONTROLNY REKORDU
pole kontrolne bg
020 ## - MIĘDZYNARODOWY ZNORMALIZOWANY NUMER KSIĄŻKI - ISBN
ISBN 8385109196
040 ## - ŹRÓDŁO KATALOGOWANIA
Instytucja, która utworzyła rekord BPK
041 1# - KOD JĘZYKA
Kod języka tekstu pl
Kod języka oryginału de
080 ## - UNIWERSALNA KLASYFIKACJA DZIESIĘTNA - UKD
UKD 1:929(430)"18"](044)A/Z
920 ## - Międzynarodowy znormalizowany numer książki – ISBN
ISBN 83-85109-19-6
008 - POLE O STAŁEJ DŁUGOŚCI - DANE KONTROLNE
podpole kontrolne o stałej długości s pl f |000 0 pol
100 1# - NAZWA OSOBOWA
Nazwa osobowa NIETZSCHE, Friedrich
Daty związane z nazwą (1844-1900)
245 10 - TYTUŁ/ODPOWIEDZIALNOŚĆ
Tytuł Listy /
Pozostałe elementy strefy tytułu i oznaczenia odpowiedzialności Friedrich Nietzsche ; wybrał, przeł. [z niem.] i przedmową opatrzył Bogdan Baran.
260 ## - STREFA ADRESU WYDAWNICZEGO
Miejsce wydania Kraków :
Nazwa wydawcy/dystrybutora "Inter-Esse",
Data publikacji, dystrybucji/powstania dokumentu 1994.
300 ## - STREFA OPISU FIZYCZNEGO
Objętość 396, [1] s. :
Inne cechy fizyczne faks., portr. ;
Rozmiary 20 cm.
500 ## - UWAGI OGÓLNE
Tekst uwagi Podst. przekł. : "Sämtliche Briefe".
600 19 - HASŁO PRZEDMIOTOWE W FORMIE NAZWY OSOBOWEJ
Nazwa osobowa Nietzsche, Friedrich (1844-1900)
650 #9 - HASŁO PRZEDMIOTOWE W FORMIE NAZWY OGÓLNEJ LUB JEDNOSTKOWEJ
Nazwa ogólna lub geograficzna Filozofia
Określnik ogólny historia
Określnik geograficzny Niemcy
Określnik chronologiczny 19 w.
650 #9 - HASŁO PRZEDMIOTOWE W FORMIE NAZWY OGÓLNEJ LUB JEDNOSTKOWEJ
Nazwa ogólna lub geograficzna Listy niemieckie
Określnik chronologiczny 19 w.
655 ## - TERMIN INDEKSOWY - OKREŚLENIE RODZAJU/FORMY DOKUMENTU
Określenie rodzaju/formy dokumentu korespondencja
700 1# - HASŁO DODATKOWE - NAZWA OSOBOWA
Nazwa osobowa BARAN, Bogdan
Daty związane z nazwą (1952- ).
Określenie związku między hasłem a opisywanym materiałem Tł.
856 ## - LOKALIZACJA I DOSTĘP DO ELEKTRONICZNYCH DOKUMENTÓW ZDALNYCH
Link (URL) http://koha.tu.koszalin.pl/cgi-bin/koha/opac-detail.pl?biblionumber=41672
Tekst linku Katalog online BPK
942 ## - DODATKOWE ELEMENTY (KOHA)
Typ dokumentu Książka
Egzemplarze
Wycofany Status egzemplarza Uszkodzony Dostępność Lokalizacja stała Lokalizacja bieżąca Miejsce przechowywania Sygnatura Kod kreskowy Typ dokumentu
      Dostępny Biblioteka Politechniki Koszalińskiej Biblioteka Politechniki Koszalińskiej Wypożyczalnia BG 64290 01762372 Książka
      Dostępny Biblioteka Politechniki Koszalińskiej Biblioteka Politechniki Koszalińskiej Wypożyczalnia BG 64302 01762259 Książka
© 2023 Biblioteka Politechniki Koszalińskiej :: KOHA